| 000 | 01018nam a2200253Ia 4500 | ||
|---|---|---|---|
| 001 | 20453 | ||
| 003 | GE_BSU | ||
| 008 | 181216s||||||||xx |||||||||||||| ||und|| | ||
| 040 | _cGE_BSU | ||
| 080 | _a811.353.1-84(075.3=161.1) | ||
| 100 | _aდავითიანი, აკ. მუშკუდიანი, ვ. ციხისელი, თ. | ||
| 245 | _aქართული ენა | ||
| 245 | _bსაქ. სსრ რუსული სკოლის III კლასის სახელმძღვ. | ||
| 245 | _cრედ. გ. ახალაია. ც. ნევეროვსკაია | ||
| 250 | _aმე-2 გამოც. | ||
| 260 | _aთბილისი | ||
| 260 | _bგანათლება | ||
| 260 | _c1982. | ||
| 300 | _a160გვ. : ილ. ; 22სმ.. | ||
| 541 | _h30 თ. | ||
| 653 | _aსაქ. სსრ რუსული სკოლის III კლასის სახელმძღვ. | ||
| 653 | _aქართული ენა | ||
| 942 | _cBK | ||
| 999 |
_c53410 _d53410 |
||